SNL - Will Ferrell Impressions Quiz Stats

 Plays Quiz Updated Feb 6, 2018

Support Sporcle.
Go Orange.
Score 0/15 Timer 03:00
0 Plays Today
% Correct
George W. Bush
96.8%
Larry King
95.4%
Chyna
93.9%
Osama bin Laden
93%
Dr. Phil McGraw
92.3%
Alex Trebek
92.1%
Elton John
91.5%
Steven Seagal
91%
% Correct
Fidel Castro
89.7%
Ted Kaczynski
87.4%
James Lipton
85.8%
Harry Caray
85%
Janet Reno
84.8%
Robert Goulet
82.9%
Saddam Hussein
80.7%

You're not logged in!

Compare scores with friends on all Sporcle quizzes.
OR
Log In

From the Vault

Code Cracker! XIX

by hockeystix3

Crack your knuckles and get to cracking.
Remove Ads.
Support Sporcle.
Get the best of Sporcle when you Go Orange. This ad-free experience offers more features, more stats, and more fun while also helping to support Sporcle. Thank you for becoming a member.

Show Comments

Extras

Top Quizzes Today


Score Distribution

Your Account Isn't Verified!

In order to create a playlist on Sporcle, you need to verify the email address you used during registration. Go to your Sporcle Settings to finish the process.

Report this User

Report this user for behavior that violates our Community Guidelines.

Details: